Culture and society at Lullingstone Roman Villa /

'Culture and Society at Lullingstone Roman Villa' paints a picture of what life might have been like for the inhabitants of the villa in the late third and fourth centuries AD. The villa today, in the Darent Valley, Kent, has an unusual amount of well-preserved evidence for its interior de...

وصف كامل

محفوظ في:

المؤلف الرئيسي: Mackenzie, Caroline K. (مؤلف)

التنسيق: كتاب الكتروني

اللغة: English

منشور في: Oxford : Archaeopress Publishing Ltd., 2019.

الموضوعات:

الوصول للمادة أونلاين: Login to view Source

الوسوم: إضافة وسم

لا توجد وسوم, كن أول من يضع وسما على هذه التسجيلة!

رقم الطلب: DA147

LEADER 02352nam a2200397 i 4500
001 EDZ0002094951
003 StDuBDS
005 20230412182554.0
006 m|||||o||d||||||||
007 cr |||||||||||
008 190729s2019 enka ob 000|0|eng|d
020 |a 9781789692914 (ebook) :  |c No price 
040 |a StDuBDS  |b eng  |c StDuBDS  |e rda  |e pn 
050 4 |a DA147 
082 0 4 |a 936.2236  |2 23 
100 1 |a Mackenzie, Caroline K.,  |e author. 
245 1 0 |a Culture and society at Lullingstone Roman Villa /  |c Caroline K. Mackenzie. 
264 1 |a Oxford :  |b Archaeopress Publishing Ltd.,  |c 2019. 
300 |a 1 online resource (viii, 50 pages) :  |b illustrations (colour) 
336 |a text  |2 rdacontent 
336 |a still image  |2 rdacontent 
337 |a computer  |2 rdamedia 
338 |a online resource  |2 rdacarrier 
504 |a Includes bibliographical references. 
520 8 |a 'Culture and Society at Lullingstone Roman Villa' paints a picture of what life might have been like for the inhabitants of the villa in the late third and fourth centuries AD. The villa today, in the Darent Valley, Kent, has an unusual amount of well-preserved evidence for its interior decoration and architecture. Seventy years on from the commencement of the excavation of the site, this study draws on the original reports but also embraces innovative approaches to examining the archaeological evidence and sheds new light on our understanding of the villa's use. For the first time, the site of Lullingstone Roman Villa is surveyed holistically, developing a plausible argument that the inhabitants used domestic space to assert their status and cultural identity. 
588 |a Description based on online resource; title from PDF title page (viewed on 16 August, 2019). 
651 0 |a Lullingstone Roman Villa Site (England) 
651 0 |a Lullingstone Roman Villa Site (England)  |v Pictorial works. 
651 0 |a Kent (England)  |x Antiquities, Roman. 
650 0 |a Excavations (Archaeology)  |z England  |z Kent. 
651 0 |a Kent (England)  |x Social life and customs. 
776 0 8 |i Print version :  |z 9781789692907 
856 4 0 |3 Archaeopress  |u http://library.arce.org:8087/Archaeopress/Products/9781789692907 
942 |2 lcc  |c EBOOK 
952 |0 0  |1 0  |4 0  |6 DA0147  |7 1  |9 46585  |a ARCH  |b ARCH  |d 2023-04-12  |l 0  |o DA147  |r 2023-04-12 00:00:00  |w 2023-04-12  |y EBOOK 
999 |c 52243  |d 52243